Statistics for Imagine Dragons - Believer lyrics

Click here to take the quiz!

General Stats

  • This quiz has been taken 85 times
  • The average score is 271 of 408

Answer Stats

Lyrics% Correct
I
97%
a
95%
be
95%
the
93%
First
92%
first
92%
things
91%
you
89%
my
88%
I'm
86%
believer
85%
in
85%
me
85%
second
84%
oh
81%
and
80%
of
80%
say
80%
all
78%
pain
78%
that
78%
up
78%
by
76%
fire
76%
head
76%
was
74%
inside
73%
from
72%
been
70%
have
70%
Imma
70%
master
70%
way
70%
words
70%
one
69%
fired
68%
tired
68%
tell
65%
don't
64%
made
64%
broke
62%
to
62%
at
61%
down
61%
sea
61%
think
61%
what
61%
young
61%
ooh
59%
rain
59%
sail
58%
broken
57%
third
57%
age
55%
build
54%
takin'
53%
could
51%
it
50%
let
50%
love
50%
masses
50%
they
49%
your
49%
for
47%
look
47%
beauty
46%
break
45%
like
45%
never
45%
came
43%
feelin'
43%
them
43%
but
42%
last
42%
message
42%
shook
42%
veins
42%
ground
41%
life
41%
ones
41%
above
39%
few
39%
fly
39%
heartache
39%
lesson
39%
spirit
39%
through
39%
writin'
39%
bullets
38%
dove
38%
poems
38%
seeing
38%
brain
36%
did
36%
hate
36%
prayer
36%
singing
36%
took
36%
would
36%
ashes
35%
send
35%
feelings
34%
you're
34%
drive
32%
drown
32%
hopin'
32%
sulkin'
32%
turned
32%
blood
31%
chokin'
31%
crowd
30%
fallin'
30%
future
30%
has
30%
ever
28%
grace
28%
you've
28%
clouds
27%
ebbin'
26%
flowin'
26%
flames
24%
heard
24%
limited
24%
rained
24%
speakin'
24%
face
22%
inhibited
22%
'till
22%
building
20%
lived
19%
open
12%

Score Distribution

Percentile by Number Answered

Percent of People with Each Score

Your Score History

You have not taken this quiz